Personnalités présentes aux obsèques de Johnny Hallyday en mort subite - Statistiques

Statistiques générales
  • Ce quiz a été pris 51 fois
  • Le résultat moyen est 41 sur 125
Answers on the Grid
Answers color-coded by a green-red scale on the quiz's grid according to % correct below.
Laeticia Hallyday
David Hallyday
Sylvie Vartan
Laura Smet
Nathalie Baye
Jade Smet
Joy Smet
Estelle Lefébure
Ilona Smet
Emma Smet
Cameron Smet
Alexandra Pastor
Emmanuel Macron
Brigitte Macron
Edouard Philippe
Gerard Larcher
François Hollande
Julie Gayet
Nicolas Sarkozy
Carla Bruni-Sarkozy
Gérard Collomb
Françoise Nyssen
Jean-Michel Blanquer
Frédérique Vidal
Jean-Pierre Raffarin
Anne Hidalgo
Valérie Pécresse
Jack Lang
Patrick Balkany
Isabelle Balkany
Le père Guy Gilbert
Delphine Arnault
Jean-Claude Darmon
Hélène Darroze
Jean Imbert
Laurence Parisot
Jean-François Piège
Marc Veyrat
Tony Scotti
Nikos Aliagas
Jean-Louis Aubert
Inès de La Fressange
Philippe Lellouche
Dany Boon
Patrick Bruel
Michel Drucker
Jean Dujardin
Guillaume Canet
Marion Cotillard
Maïwenn
Thomas Dutronc
Gad Elmaleh
Claude Lelouch
Eddy Mitchell
Line Renaud
Jean Reno
Muriel Robin
Anne Le Nen
Alain Souchon
Laurent Voulzy
Sheila
Philippe Labro
Carole Bouquet
Sandrine Kiberlain
Daniel Rondeau
Danièle Thompson
Matthieu Chedid
Claire Chazal
Mathilde Seigner
Stéphane Collaro
Jean-Marie Périer
Jean-Jacques Debout
Louis Bertignac
Mimie Mathy
Nagui
François Berléand
Orlando
Salvatore Adamo
Nolwenn Leroy
Pierre Billon
Jean-Claude Camus
Gilbert Coullier
Philippe Lavil
Dick Rivers
Jane Birkin
Laurence Ferrari
Gérard Lenorman
Enrico Macias
Véronique de Villèle (Gym Tonic)
Daniel Lauclair
Dominique Besnehard
Pascal Obispo
Christophe Maé
Élie Chouraqui
Gérard Louvin
Daniela Lumbroso
Anouk Aimée
Jean-Roch
Gilles Lellouche
Michaël Youn
Patrice Leconte
Didier Barbelivien
Vincent Lindon
Bernard Montiel
Antoine Duléry
Pascal Nègre
Marc Lavoine
Dani
Jean-Michel Boris
Elsa Zylberstein
Ary Abittan
Laurent Olmedo
Gérald de Palmas
Paul Personne
Zazie
Raphaël
Mélanie Thierry
Lorie
Yvan Cassar
Gautier Capuçon
Julie Fuchs
Jean-Pierre Elkabbach
Yodelice
Yarol Poupaud
Robin Le Mesurier
Adeline Blondieau
Florent Pagny
Karl Hamelmou
Charles Aznavour
Yves Rénier
Michel Delpech
Michel Galabru
Jean d'Ormesson
Jean Rochefort
Françoise Hardy
Jacques Dutronc
Michel Sardou
Jean-Jacques Goldman
Catherine Deneuve
Quentin Elias (Alliage)
 
Statistiques - réponses
Réponse % Correct
Sylvie Vartan
66%
David Hallyday
63%
Eddy Mitchell
63%
Laeticia Hallyday
59%
Line Renaud
59%
Nicolas Sarkozy
59%
Carla Bruni-Sarkozy
56%
Emma Smet
56%
Jade Smet
56%
Laura Smet
56%
Patrick Bruel
56%
Brigitte Macron
53%
Emmanuel Macron
53%
Gad Elmaleh
53%
Jean Dujardin
53%
Jean Reno
53%
Michel Drucker
53%
Muriel Robin
53%
Nathalie Baye
53%
Claire Chazal
50%
Dany Boon
50%
Joy Smet
50%
Laurent Voulzy
50%
Nagui
50%
Zazie
50%
Anne Hidalgo
47%
Cameron Smet
47%
Claude Lelouch
47%
François Hollande
47%
Marc Lavoine
47%
Matthieu Chedid
47%
Pascal Obispo
47%
Thomas Dutronc
47%
Gilles Lellouche
44%
Julie Gayet
44%
Nikos Aliagas
44%
Ilona Smet
41%
Le père Guy Gilbert
41%
Philippe Lellouche
41%
Vincent Lindon
41%
Estelle Lefébure
38%
Jane Birkin
38%
Jean-Claude Camus
38%
Jean-Louis Aubert
38%
Jean-Pierre Raffarin
38%
Louis Bertignac
38%
Mimie Mathy
38%
Pascal Nègre
38%
Patrice Leconte
38%
Antoine Duléry
34%
Bernard Montiel
34%
Enrico Macias
34%
Hélène Darroze
34%
Jean-Claude Darmon
34%
Jean-Jacques Debout
34%
Nolwenn Leroy
34%
Philippe Labro
34%
Sheila
34%
Christophe Maé
31%
Gérard Louvin
31%
Laurence Ferrari
31%
Marion Cotillard
31%
Michaël Youn
31%
Patrick Balkany
31%
Salvatore Adamo
31%
Yodelice
31%
Yvan Cassar
31%
Didier Barbelivien
28%
Dominique Besnehard
28%
Edouard Philippe
28%
François Berléand
28%
Gérald de Palmas
28%
Guillaume Canet
28%
Jean Imbert
28%
Jean-Marie Périer
28%
Mathilde Seigner
28%
Yarol Poupaud
28%
Alain Souchon
25%
Anne Le Nen
25%
Daniela Lumbroso
25%
Gerard Larcher
25%
Isabelle Balkany
25%
Jack Lang
25%
Jean-Michel Blanquer
25%
Raphaël
25%
Sandrine Kiberlain
25%
Valérie Pécresse
25%
Véronique de Villèle (Gym Tonic)
25%
Anouk Aimée
22%
Carole Bouquet
22%
Dani
22%
Danièle Thompson
22%
Élie Chouraqui
22%
Gérard Collomb
22%
Jean-Pierre Elkabbach
22%
Pierre Billon
22%
Robin Le Mesurier
22%
Tony Scotti
22%
Alexandra Pastor
19%
Ary Abittan
19%
Frédérique Vidal
19%
Gérard Lenorman
19%
Inès de La Fressange
19%
Jean-Roch
19%
Laurence Parisot
19%
Orlando
19%
Philippe Lavil
19%
Dick Rivers
16%
Elsa Zylberstein
16%
Gilbert Coullier
16%
Laurent Olmedo
16%
Maïwenn
16%
Marc Veyrat
16%
Paul Personne
16%
Daniel Lauclair
13%
Daniel Rondeau
13%
Delphine Arnault
13%
Gautier Capuçon
13%
Jean-François Piège
13%
Julie Fuchs
13%
Lorie
13%
Mélanie Thierry
13%
Jean-Michel Boris
9%
Stéphane Collaro
9%
Françoise Nyssen
3%
Aucun quiz correspondant
Distribution des résultats
% des personnes avec chaque résultat
Percentile par nombre de réponses
Votre historique - résultats
Vous n’avez pas pris ce quiz